[Event "Commonwealth-ch"]
[Site "Mumbai"]
[Date "2004.01.14"]
[Round "5"]
[White "Vijayaraghavan, TVR"]
[Black "Sahu, Sekhar Chandra"]
[Result "0-1"]
[WhiteElo "2027"]
[BlackElo "2277"]
[PlyCount "172"]
[EventDate "2004.01.10"]
[EventType "swiss"]
[EventRounds "9"]
[EventCountry "IND"]
[SourceTitle "EXT 2006"]
[Source "ChessBase"]
[SourceDate "2005.11.24"]
[SourceVersion "1"]
[SourceVersionDate "2005.11.24"]
[SourceQuality "1"]

1. e4 c5 2. Nf3 d6 3. d3 Nf6 4. g3 Nc6 5. Bg2 g6 6. 0-0 Bg7 7. c3 0-0 8. Nbd2 Rb8 9. a4 b6 10. Re1 Ne5 11. Qe2 Ba6 12. Nxe5 dxe5 13. Nc4 Qc7 14. Be3 Rbd8 15. f4 exf4 16. Bxf4 Qc8 17. Kh1 Bb7 18. Be5 Bc6 19. d4 cxd4 20. Bxd4 Nd7 21. Rf1 Qc7 22. Be3 Qb7 23. Bf2 Rc8 24. Rfe1 Qc7 25. Ne3 e6 26. Nc2 Ne5 27. Bd4 Rfd8 28. Rf1 Be8 29. Ne3 h5 30. Rfd1 Nd7 31. Nc2 e5 32. Be3 Nc5 33. Bxc5 Rxd1+ 34. Qxd1 Qxc5 35. Nb4 a5 36. Nd5 Kh7 37. Qb3 Rb8 38. Qd1 Bc6 39. b4 Qd6 40. Rb1 Bxd5 41. Qxd5 Qxd5 42. exd5 Rc8 43. bxa5 bxa5 44. Rb3 Rc4 45. d6 Rxa4 46. Bd5 Ra1+ 47. Kg2 Rd1 48. c4 e4 49. d7 Bf6 50. Rb8 Rd2+ 51. Kf1 e3 52. d8Q Rf2+ 53. Kg1 Bxd8 54. Rxd8 a4 55. c5 Rc2 56. Kf1 Rxc5 57. Bxf7 Rf5+ 58. Ke2 Rxf7 59. Ra8 Rf2+ 60. Kxe3 Rxh2 61. Rxa4 Rh1 62. Ra7+ Kh6 63. Ra5 Rf1 64. Rb5 Rf6 65. Rc5 Rf5 66. Rc4 Kg5 67. Ra4 Rf6 68. Rc4 Kh6 69. Rc5 g5 70. Ke2 Kg6 71. Ra5 g4 72. Ra3 Rf5 73. Rb3 h4 74. gxh4 Kh5 75. Rb8 Kxh4 76. Rh8+ Kg3 77. Rh7 Kg2 78. Rh8 g3 79. Rh7 Re5+ 80. Kd2 Kf2 81. Rf7+ Kg1 82. Rf8 g2 83. Rf7 Kh2 84. Rh7+ Kg3 85. Rg7+ Kf3 86. Kd1 Re4 0-1